000
00251 a2200097 4500
001
44605
100
_a
Cooper
245
_a
Worked Examples in Engineering Science
260
_a
London
_b
Scientific Hutchinson Perch Publishers
_c
090
_c
28308
_d
28308
942
_a
NUST-CAE
_c
M
_c
20345
999
_c
279678
_d
279678